Competitive ability of agricultural firms of Slovak Republic after entry into European Union

Pozícia prístupových krajín pred vstupom do Európskej únie. Poľnohospodárstvo Slovenska pred vstupom do Európskej únie. Niektoré faktory konkurencieschopnosti slovenského poľnohospodárstva. Po vstupe do EÚ museli slovenské poľnohospodárske podniky posilniť strategické plánovanie a hľadať oblasti, v...

Descripción completa

Guardado en:
Detalles Bibliográficos
Autor principal: Szabo, Ľuboslav
Otros Autores: Grznár, Miroslav
Formato: Capítulo de libro
Lenguaje:inglés
Materias:
Etiquetas: Agregar Etiqueta
Sin Etiquetas, Sea el primero en etiquetar este registro!

MARC

LEADER 00000naa$a2200000$$$4500
001 0053766
005 20240502083136.9
041 0 |a eng 
044 |a CZ 
245 1 0 |a Competitive ability of agricultural firms of Slovak Republic after entry into European Union  |c Ľuboslav Szabo, Miroslav Grznár 
520 |a Pozícia prístupových krajín pred vstupom do Európskej únie. Poľnohospodárstvo Slovenska pred vstupom do Európskej únie. Niektoré faktory konkurencieschopnosti slovenského poľnohospodárstva. Po vstupe do EÚ museli slovenské poľnohospodárske podniky posilniť strategické plánovanie a hľadať oblasti, v ktorých by mohli uplatniť svoje konkurenčné výhody. Aplikovanie Spoločnej poľnohospodárskej politiky. 
610 2 0 |a poľnohospodárstvo 
610 2 0 |a podnik poľnohospodársky 
610 2 0 |a konkurencieschopnosť 
610 2 0 |a krajiny tranzitívne 
610 2 0 |a Slovensko 
610 2 0 |a Európska únia 
100 1 |a Szabo, Ľuboslav 
700 1 |a Grznár, Miroslav